000
00278nam a22001097a 4500
008
230619b xxu||||| |||| 00| 0 eng d
082
_a
234.5
_b
UN
245
_a
Jerusalem Visions of Reconciliation
260
_a
Greece
_b
United Nations
_c
1993
300
_a
XII,147p
942
_2
ddc
_c
BK
999
_c
1348
_d
1348